000 00235 a2200097 4500
001 33006
100 _aRicardo, C.M
245 _aDatabases Illuminated
260 _aBoston
_bJones and Bartlett Publishers
_c2004
090 _c22132
_d22132
942 _aNUST-CAE
_cM
_c13484
999 _c268079
_d268079